[Event "Samara Polugaevsky Memorial 1st"]
[Site "Samara"]
[Date "2011.07.10"]
[Round "6"]
[White "Belova, Olga"]
[Black "Vanifatov, Yury"]
[Result "0-1"]
[WhiteElo "1976"]
[BlackElo "2165"]
[PlyCount "84"]
[EventDate "2011.07.05"]
[EventType "swiss"]
[EventRounds "9"]
[EventCountry "RUS"]
[SourceTitle "CBM 143 Extra"]
[Source "ChessBase"]
[SourceDate "2011.08.29"]
[SourceVersion "1"]
[SourceVersionDate "2011.08.29"]
[SourceQuality "1"]

1. e4 c5 2. Nf3 d6 3. d4 cxd4 4. Nxd4 Nf6 5. Nc3 Nc6 6. Be2 g6 7. 0-0 Nxd4 8. Qxd4 Bg7 9. Re1 0-0 10. Bg5 h6 11. Bh4 g5 12. Bg3 Nh5 13. Qe3 Nxg3 14. Qxg3 Be6 15. Kh1 Be5 16. Qe3 Qb6 17. Nd1 Qxe3 18. fxe3 Rfc8 19. c3 Bc4 20. Nf2 Bxe2 21. Rxe2 Rc4 22. Kg1 Rac8 23. g3 b5 24. Kf1 h5 25. Kg2 b4 26. cxb4 Rc2 27. Rxc2 Rxc2 28. Rb1 Bxb2 29. a4 Bc3 30. g4 hxg4 31. Kf1 Ra2 32. Rb3 Bd2 33. Nxg4 Rxa4 34. Nh6+ Kg7 35. Nf5+ Kf6 36. Ng3 Bxb4 37. Ke2 Bc5 38. Rb2 e6 39. Kf3 Ra3 40. Nf1 a5 41. Rb7 a4 42. Rc7 Rb3 0-1

[Event "Samara Polugaevsky Memorial 1st"]
[Site "Samara"]
[Date "2011.07.07"]
[Round "3"]
[White "Vanifatov, Yury"]
[Black "Gladkov, Dmitry"]
[Result "1-0"]
[WhiteElo "2165"]
[BlackElo "1967"]
[PlyCount "67"]
[EventDate "2011.07.05"]
[EventType "swiss"]
[EventRounds "9"]
[EventCountry "RUS"]
[SourceTitle "CBM 143 Extra"]
[Source "ChessBase"]
[SourceDate "2011.08.29"]
[SourceVersion "1"]
[SourceVersionDate "2011.08.29"]
[SourceQuality "1"]

1. d4 Nf6 2. c4 c5 3. d5 e5 4. Nc3 d6 5. e4 Be7 6. Be2 0-0 7. Be3 Na6 8. h3 Nc7 9. a3 a6 10. b4 b5 11. bxc5 dxc5 12. Nf3 b4 13. Na4 Nxe4 14. 0-0 Bd7 15. Nb6 Nc3 16. Qc2 Bf5 17. Qxf5 Nxe2+ 18. Kh1 Rb8 19. axb4 Rxb6 20. bxc5 Rb3 21. Kh2 Rxe3 22. fxe3 e4 23. d6 Bxd6+ 24. cxd6 exf3 25. c5 fxg2 26. Kxg2 Ne6 27. Ra3 Qh4 28. Qg4 Qxg4+ 29. hxg4 Nxc5 30. Kf3 Ne4 31. Kxe4 Ng3+ 32. Kd5 Nxf1 33. d7 Nd2 34. Rc3 1-0

[Event "Samara-chB"]
[Site "Samara"]
[Date "2009.12.13"]
[Round "8"]
[White "Prihodko, Ilja"]
[Black "Vanifatov, Yury"]
[Result "1-0"]
[WhiteElo "2020"]
[BlackElo "2179"]
[PlyCount "83"]
[EventDate "2009.12.06"]
[EventType "swiss"]
[EventRounds "9"]
[EventCountry "RUS"]
[SourceTitle "EXT 2012"]
[Source "ChessBase"]
[SourceDate "2011.11.24"]
[SourceVersion "1"]
[SourceVersionDate "2011.11.24"]
[SourceQuality "1"]

1. e4 c5 2. Nf3 d6 3. d4 cxd4 4. Nxd4 Nf6 5. Nc3 Nc6 6. Bg5 e6 7. Qd2 Be7 8. 0-0-0 0-0 9. f4 h6 10. Bxf6 Bxf6 11. Ndb5 Qa5 12. Nxd6 Rd8 13. e5 Nxe5 14. Nce4 Qxa2 15. c3 Nc6 16. Nxf6+ gxf6 17. Bd3 Na5 18. Qe3 Rxd6 19. Bb1 Nb3+ 20. Kc2 Na1+ 21. Kc1 Rxd1+ 22. Rxd1 Qa5 23. f5 Kf8 24. Qxh6+ Ke7 25. g4 Nb3+ 26. Kc2 Na1+ 27. Kc1 Nb3+ 28. Kc2 Qa4 29. Qe3 Bd7 30. g5 Bc6 31. gxf6+ Kxf6 32. Qh6+ Ke5 33. Qg7+ f6 34. Qg3+ Qf4 35. Re1+ Be4+ 36. Kxb3 exf5 37. Qg7 Qd2 38. Qe7+ Kf4 39. Qc7+ Kg5 40. Rg1+ Kh5 41. Qf7+ Kh6 42. Qg6# 1-0

[Event "Samara-chB"]
[Site "Samara"]
[Date "2009.12.09"]
[Round "4"]
[White "Palachev, Petr"]
[Black "Vanifatov, Yury"]
[Result "1-0"]
[WhiteElo "2169"]
[BlackElo "2179"]
[PlyCount "129"]
[EventDate "2009.12.06"]
[EventType "swiss"]
[EventRounds "9"]
[EventCountry "RUS"]
[SourceTitle "EXT 2012"]
[Source "ChessBase"]
[SourceDate "2011.11.24"]
[SourceVersion "1"]
[SourceVersionDate "2011.11.24"]
[SourceQuality "1"]

1. d4 d5 2. Nf3 Nf6 3. e3 c5 4. dxc5 Qa5+ 5. Nbd2 Qxc5 6. Bd3 Nc6 7. c3 Bg4 8. Qa4 Bd7 9. Qf4 e6 10. e4 dxe4 11. Nxe4 Nxe4 12. Qxe4 Bd6 13. Be3 Qa5 14. Bc2 Ne5 15. Nxe5 Qxe5 16. 0-0-0 Bc6 17. Qxe5 Bxe5 18. f4 Bf6 19. Rd2 0-0 20. Rhd1 Rfc8 21. g3 g6 22. Bd4 Bxd4 23. Rxd4 Kf8 24. Kd2 Ke7 25. Ke3 Bd5 26. a3 Rc7 27. Bd3 Rac8 28. g4 h6 29. Rc1 g5 30. Rf1 gxf4+ 31. Rdxf4 Kf8 32. Bg6 e5 33. R4f2 Kg7 34. Bf5 Re7 35. h4 Be6 36. Rd1 Rc4 37. Rd6 Rc6 38. Rxc6 bxc6 39. b4 Bd5 40. Be4 a5 41. Rd2 axb4 42. axb4 Rc7 43. b5 Bxe4 44. b6 Rb7 45. Kxe4 Rxb6 46. Kxe5 h5 47. g5 Rb1 48. Kd6 Rc1 49. Rd3 f6 50. gxf6+ Kxf6 51. Rf3+ Kg6 52. Kxc6 Rg1 53. Rf4 Rg4 54. Rd4 Kf6 55. Kd5 Rg3 56. c4 Ke7 57. Ke5 Rc3 58. Kf5 Rg3 59. Ke5 Rc3 60. Kd5 Rc1 61. Re4+ Kf6 62. c5 Kf5 63. Rd4 Kf6 64. Kd6 Re1 65. Rf4+ 1-0

[Event "Samara-chB"]
[Site "Samara"]
[Date "2009.12.08"]
[Round "3"]
[White "Vanifatov, Yury"]
[Black "Shapiro, David"]
[Result "1-0"]
[WhiteElo "2179"]
[BlackElo "1876"]
[PlyCount "83"]
[EventDate "2009.12.06"]
[EventType "swiss"]
[EventRounds "9"]
[EventCountry "RUS"]
[SourceTitle "EXT 2012"]
[Source "ChessBase"]
[SourceDate "2011.11.24"]
[SourceVersion "1"]
[SourceVersionDate "2011.11.24"]
[SourceQuality "1"]

1. Nf3 d5 2. d4 Nf6 3. e3 c6 4. Bd3 Bg4 5. 0-0 e6 6. Nbd2 Nbd7 7. e4 dxe4 8. Nxe4 Nxe4 9. Bxe4 Nf6 10. Bg5 Be7 11. Bxf6 Bxf6 12. c3 0-0 13. Qb3 Qc7 14. Rfe1 Rad8 15. Re3 Rfe8 16. Qc2 h6 17. Ne5 Bh5 18. h3 c5 19. Qa4 Bg5 20. Ree1 f6 21. Bf3 Bxf3 22. Nxf3 a6 23. Qc4 b5 24. Qxc5 Qxc5 25. dxc5 f5 26. Nxg5 hxg5 27. b4 Kf7 28. a4 Rd3 29. axb5 axb5 30. Ra5 Rxc3 31. Rxb5 Rc4 32. Rb7+ Kf6 33. Rb6 Kf7 34. c6 Rd8 35. Rb7+ Kf6 36. b5 Rd2 37. Rf1 g6 38. c7 Ke5 39. b6 Rc6 40. Rb8 Rdc2 41. Re1+ Kf6 42. b7 1-0

[Event "RUS-chB U18"]
[Site "Dagomys"]
[Date "2009.04.22"]
[Round "8"]
[White "Vastrukhin, Oleg"]
[Black "Vanifatov, Yury"]
[Result "0-1"]
[WhiteElo "2300"]
[BlackElo "2161"]
[PlyCount "48"]
[EventDate "2009.04.15"]
[EventType "swiss"]
[EventRounds "9"]
[EventCountry "RUS"]
[SourceTitle "EXT 2010"]
[Source "ChessBase"]
[SourceDate "2010.11.25"]
[SourceVersion "1"]
[SourceVersionDate "2010.11.25"]
[SourceQuality "1"]

1. Nf3 d5 2. g3 Nf6 3. Bg2 Bf5 4. 0-0 h6 5. d3 Nc6 6. Nbd2 e5 7. c4 d4 8. b4 Qd6 9. b5 Nd8 10. a4 Qe6 11. Re1 Be7 12. Nb3 0-0 13. e3 dxe3 14. Rxe3 Nd7 15. Bb2 Bg4 16. Qe2 Qg6 17. d4 Bg5 18. Re4 f5 19. Rxg4 fxg4 20. Nxe5 Nxe5 21. dxe5 c6 22. Nc5 Rc8 23. Qxg4 Qc2 24. Rf1 Rc7 0-1

[Event "RUS-chB U18"]
[Site "Dagomys"]
[Date "2009.04.21"]
[Round "7"]
[White "Vanifatov, Yury"]
[Black "Burger, Konstantin"]
[Result "0-1"]
[WhiteElo "2161"]
[BlackElo "2189"]
[PlyCount "118"]
[EventDate "2009.04.15"]
[EventType "swiss"]
[EventRounds "9"]
[EventCountry "RUS"]
[SourceTitle "EXT 2010"]
[Source "ChessBase"]
[SourceDate "2010.11.25"]
[SourceVersion "1"]
[SourceVersionDate "2010.11.25"]
[SourceQuality "1"]

1. d4 d5 2. c4 c6 3. Nc3 Nf6 4. e3 e6 5. Nf3 Nbd7 6. Qc2 Bd6 7. g4 dxc4 8. Bxc4 Nd5 9. Ne4 Be7 10. Bd2 Nb4 11. Qb3 a5 12. a3 Nd5 13. h4 b5 14. Bd3 Bb7 15. Qc2 Qb6 16. Rc1 Rd8 17. g5 a4 18. h5 h6 19. g6 0-0 20. Nc5 Nxc5 21. dxc5 Qc7 22. gxf7+ Rxf7 23. Nh4 Bxh4 24. Rxh4 Bc8 25. Bg6 Rf6 26. Bc3 e5 27. Re4 Rxg6 28. hxg6 Bf5 29. f3 Bxg6 30. Bxe5 Qf7 31. Qf2 Re8 32. Bd4 Bxe4 33. fxe4 Rxe4 34. Qxf7+ Kxf7 35. Ke2 g5 36. Kf3 Re6 37. e4 Nf4 38. Rd1 Ng6 39. Bc3 Nh4+ 40. Ke3 Kg6 41. e5 h5 42. Ke4 Nf5 43. Rd8 h4 44. Rg8+ Ng7 45. Bd2 Re7 46. Rc8 Re6 47. Rg8 Kh7 48. Rf8 Rg6 49. Be1 Ne6 50. Rc8 Nxc5+ 51. Kf5 Ne6 52. Ra8 h3 53. Bg3 g4 54. Re8 Kh6 55. Re7 Ng7+ 56. Ke4 Kg5 57. Rf7 Nh5 58. Bf2 g3 59. Be3+ Kg4 0-1

[Event "RUS-chB U18"]
[Site "Dagomys"]
[Date "2009.04.18"]
[Round "4"]
[White "Kapov, Albert"]
[Black "Vanifatov, Yury"]
[Result "1-0"]
[WhiteElo "2197"]
[BlackElo "2161"]
[PlyCount "75"]
[EventDate "2009.04.15"]
[EventType "swiss"]
[EventRounds "9"]
[EventCountry "RUS"]
[SourceTitle "EXT 2010"]
[Source "ChessBase"]
[SourceDate "2010.11.25"]
[SourceVersion "1"]
[SourceVersionDate "2010.11.25"]
[SourceQuality "1"]

1. e4 c5 2. Nf3 d6 3. d4 cxd4 4. Nxd4 Nf6 5. Nc3 Nc6 6. Be2 e5 7. Nb3 Be7 8. f3 Be6 9. Nd5 Bxd5 10. exd5 Nb4 11. c4 a5 12. Bd2 b5 13. a3 bxc4 14. axb4 cxb3 15. Bb5+ Nd7 16. bxa5 0-0 17. Qxb3 Nc5 18. Qc4 Bh4+ 19. g3 Bg5 20. Bc3 e4 21. 0-0 Be3+ 22. Kg2 f5 23. Bc6 Ra7 24. b4 Nd7 25. fxe4 f4 26. b5 Nc5 27. e5 dxe5 28. b6 Raf7 29. Bxe5 Qg5 30. Bd6 Qh5 31. Bxf8 f3+ 32. Kh1 Kxf8 33. Qh4 Qxh4 34. gxh4 Nd3 35. b7 Ba7 36. d6 f2 37. d7 Ke7 38. Rad1 1-0

[Event "RUS-chB U18"]
[Site "Dagomys"]
[Date "2009.04.17"]
[Round "3"]
[White "Vanifatov, Yury"]
[Black "Kudrin, Oleg"]
[Result "1-0"]
[WhiteElo "2161"]
[BlackElo "2033"]
[PlyCount "75"]
[EventDate "2009.04.15"]
[EventType "swiss"]
[EventRounds "9"]
[EventCountry "RUS"]
[SourceTitle "EXT 2010"]
[Source "ChessBase"]
[SourceDate "2010.11.25"]
[SourceVersion "1"]
[SourceVersionDate "2010.11.25"]
[SourceQuality "1"]

1. d4 d5 2. c4 c6 3. Nc3 Nf6 4. e3 e6 5. Nf3 Nbd7 6. Qc2 dxc4 7. Bxc4 b5 8. Bd3 Bb7 9. e4 Nb6 10. e5 Nfd5 11. a3 h6 12. Ne4 Qc7 13. Nc5 Nd7 14. Ne4 a6 15. b4 a5 16. bxa5 Qxa5+ 17. Bd2 Nb4 18. Qb1 Nxd3+ 19. Qxd3 Qa4 20. 0-0 b4 21. axb4 Qxa1 22. Rxa1 Rxa1+ 23. Ne1 Nb6 24. h3 Be7 25. Kh2 0-0 26. Qg3 Kh7 27. Nc2 Ra2 28. Qd3 Kh8 29. Ne3 Nd5 30. Nxd5 cxd5 31. Nc5 Bxc5 32. dxc5 Bc6 33. f4 Rd8 34. Qd4 Rda8 35. f5 Rc2 36. f6 Raa2 37. Qg4 g5 38. Qh5 1-0

[Event "PriFR-ch U18"]
[Site "Penza"]
[Date "2008.11.11"]
[Round "9"]
[White "Muslimov, Evgeny"]
[Black "Vanifatov, Yury"]
[Result "0-1"]
[WhiteElo "2139"]
[BlackElo "2098"]
[PlyCount "82"]
[EventDate "2008.11.03"]
[EventType "swiss"]
[EventRounds "9"]
[EventCountry "RUS"]
[SourceTitle "EXT 2022"]
[Source "ChessBase"]
[SourceDate "2021.10.06"]
[SourceVersion "1"]
[SourceVersionDate "2021.10.06"]
[SourceQuality "1"]

1. e4 c5 2. Nf3 d6 3. Nc3 Nf6 4. g3 Nc6 5. Bg2 g6 6. 0-0 Bg7 7. d3 0-0 8. h3 e5 9. Nh2 Be6 10. Be3 Qd7 11. g4 b6 12. f4 exf4 13. Bxf4 h5 14. g5 Ne8 15. h4 Bh3 16. Qf3 Bxg2 17. Qxg2 Nc7 18. Nd1 Rad8 19. c3 Ne5 20. d4 cxd4 21. cxd4 Nc4 22. d5 Ne5 23. Rc1 Nd3 24. Rc6 Nxf4 25. Rxf4 Na6 26. a3 Nc5 27. Qf3 Be5 28. Rf6 Qe7 29. Nf2 Rc8 30. b4 Nd7 31. Nhg4 hxg4 32. Nxg4 Kg7 33. Nxe5 Nxe5 34. Qc3 Rxc6 35. dxc6 b5 36. h5 gxh5 37. Qh3 Rh8 38. Qc3 Qc7 39. Kg2 Qxc6 40. Qxc6 Nxc6 41. Rxd6 Rc8 0-1

[Event "PriFR-ch U18"]
[Site "Penza"]
[Date "2008.11.08"]
[Round "6"]
[White "Kahramanov, Bahtijar"]
[Black "Vanifatov, Yury"]
[Result "0-1"]
[WhiteElo "2021"]
[BlackElo "2098"]
[PlyCount "64"]
[EventDate "2008.11.03"]
[EventType "swiss"]
[EventRounds "9"]
[EventCountry "RUS"]
[SourceTitle "EXT 2022"]
[Source "ChessBase"]
[SourceDate "2021.10.06"]
[SourceVersion "1"]
[SourceVersionDate "2021.10.06"]
[SourceQuality "1"]

1. e4 c5 2. Nf3 d6 3. d4 cxd4 4. Nxd4 Nf6 5. Nc3 Nc6 6. Bg5 e6 7. Qd2 Be7 8. 0-0-0 0-0 9. h4 Nxd4 10. Qxd4 Qa5 11. Bc4 Bd7 12. f3 Rfc8 13. Bb3 b5 14. Kb1 b4 15. Ne2 Qb5 16. c4 Qb7 17. Qd3 a5 18. e5 a4 19. exf6 axb3 20. fxe7 Rxa2 21. Nc1 Qa6 22. Nxa2 Qxa2+ 23. Kc1 d5 24. Qb1 Rxc4+ 25. Kd2 Rc2+ 26. Ke3 Qa7+ 27. Kf4 e5+ 28. Kxe5 Qc7+ 29. Kxd5 Bc6+ 30. Kd4 Qd6+ 31. Ke3 Qe5+ 32. Kd3 Bb5# 0-1

[Event "PriFR-ch U18"]
[Site "Penza"]
[Date "2008.11.04"]
[Round "2"]
[White "Kamov, Igor"]
[Black "Vanifatov, Yury"]
[Result "1/2-1/2"]
[WhiteElo "2260"]
[BlackElo "2098"]
[PlyCount "88"]
[EventDate "2008.11.03"]
[EventType "swiss"]
[EventRounds "9"]
[EventCountry "RUS"]
[SourceTitle "EXT 2022"]
[Source "ChessBase"]
[SourceDate "2021.10.06"]
[SourceVersion "1"]
[SourceVersionDate "2021.10.06"]
[SourceQuality "1"]

1. d4 d5 2. c4 dxc4 3. Nc3 a6 4. a4 Nf6 5. e3 e6 6. Bxc4 c5 7. Nf3 Nc6 8. 0-0 Be7 9. Qd3 0-0 10. Rd1 cxd4 11. exd4 Nb4 12. Qe2 b6 13. Ne5 Nfd5 14. Nxd5 exd5 15. Bb3 Be6 16. Bd2 a5 17. Rac1 Bg5 18. f4 Be7 19. Qb5 Rc8 20. Rxc8 Qxc8 21. Qxb6 Bd8 22. Qc5 Qxc5 23. dxc5 Be7 24. Bxb4 axb4 25. c6 f6 26. Nd3 Rc8 27. Re1 Kf7 28. f5 Bxf5 29. Bxd5+ Kf8 30. Nf4 Bc5+ 31. Kh1 Bb6 32. h3 Bc7 33. g4 Bxg4 34. hxg4 Bxf4 35. Re4 Bd6 36. Kg2 Ra8 37. b3 Ra5 38. Bc4 Re5 39. Rd4 Ke7 40. Kf3 h5 41. gxh5 Rxh5 42. Bb5 Rc5 43. Rc4 Rxc4 44. Bxc4 Bc7 1/2-1/2

[Event "Zhigulevskie prostory op"]
[Site "Samara"]
[Date "2008.07.30"]
[Round "6"]
[White "Kobylsky, Evgeny"]
[Black "Vanifatov, Yury"]
[Result "0-1"]
[WhiteElo "2055"]
[BlackElo "2105"]
[PlyCount "78"]
[EventDate "2008.07.25"]
[EventType "swiss"]
[EventRounds "9"]
[EventCountry "RUS"]
[SourceTitle "EXT 2022"]
[Source "ChessBase"]
[SourceDate "2021.10.06"]
[SourceVersion "1"]
[SourceVersionDate "2021.10.06"]
[SourceQuality "1"]

1. e4 c5 2. Nc3 Nc6 3. g3 g6 4. Bg2 Bg7 5. d3 d6 6. f4 e6 7. Nf3 Nge7 8. 0-0 0-0 9. h3 Nd4 10. Ne2 Rb8 11. c3 Nxf3+ 12. Bxf3 d5 13. Be3 d4 14. Bf2 e5 15. Bg2 Be6 16. g4 exf4 17. Nxf4 dxc3 18. bxc3 Bxc3 19. Bxc5 Bd4+ 20. Bxd4 Qxd4+ 21. Kh1 Nc6 22. Ne2 Qe3 23. Rf3 Qh6 24. Rg3 Qg7 25. Nf4 Nd4 26. Qa4 Ne2 27. Nxe2 Qxa1+ 28. Kh2 Qxa2 29. Qxa2 Bxa2 30. d4 Bc4 31. Nf4 b5 32. Nd3 Bxd3 33. Rxd3 b4 34. e5 b3 35. Be4 b2 36. Rd1 Rfc8 37. Rb1 a5 38. Bd5 Rc1 39. Ba2 a4 0-1

[Event "Samara Region-ch FL"]
[Site "Samara"]
[Date "2007.12.23"]
[Round "9"]
[White "Putenihin, Oleg"]
[Black "Vanifatov, Yury"]
[Result "0-1"]
[WhiteElo "2055"]
[BlackElo "2102"]
[PlyCount "83"]
[EventDate "2007.12.15"]
[EventType "swiss"]
[EventRounds "9"]
[EventCountry "RUS"]
[SourceTitle "EXT 2022"]
[Source "ChessBase"]
[SourceDate "2021.10.06"]
[SourceVersion "1"]
[SourceVersionDate "2021.10.06"]
[SourceQuality "1"]

1. d4 d5 2. c4 e6 3. Nc3 c6 4. e3 Nf6 5. Nf3 Nbd7 6. Qc2 Bd6 7. Be2 0-0 8. 0-0 dxc4 9. e4 e5 10. Bxc4 exd4 11. Nxd4 Nb6 12. Be2 Bxh2+ 13. Kxh2 Qxd4 14. Bf4 Ng4+ 15. Kg3 h5 16. Rad1 Qf6 17. Bxg4 Bxg4 18. f3 Be6 19. Qc1 Rad8 20. b3 Rxd1 21. Rxd1 Rd8 22. Rxd8+ Qxd8 23. Qe3 Nc8 24. Kf2 b6 25. Ke2 Ne7 26. Bg5 f6 27. Bf4 c5 28. Nb5 Nc6 29. Qc3 a6 30. Nc7 Nd4+ 31. Kf2 Bf7 32. Qd3 a5 33. Nb5 Qd7 34. Nxd4 cxd4 35. Bc1 h4 36. Bb2 h3 37. g4 Qd6 38. Qxd4 Qh2+ 39. Ke1 Qh1+ 40. Ke2 Qb1 41. Qd8+ Kh7 42. Bxf6 0-1

[Event "PriFR-ch U16"]
[Site "Gorodets"]
[Date "2007.11.??"]
[Round "9"]
[White "Chernikov, Oleg"]
[Black "Vanifatov, Yury"]
[Result "0-1"]
[WhiteElo "1949"]
[BlackElo "2102"]
[PlyCount "60"]
[EventDate "2007.11.02"]
[EventType "swiss"]
[EventRounds "9"]
[EventCountry "RUS"]
[SourceTitle "EXT 2022"]
[Source "ChessBase"]
[SourceDate "2021.10.06"]
[SourceVersion "1"]
[SourceVersionDate "2021.10.06"]
[SourceQuality "1"]

1. e4 c5 2. c3 d5 3. exd5 Qxd5 4. d4 Nf6 5. Nf3 Bg4 6. Be2 cxd4 7. cxd4 e6 8. Nc3 Bb4 9. 0-0 Qa5 10. Qb3 Nc6 11. a3 Bxc3 12. bxc3 0-0 13. Be3 Qc7 14. Rac1 Na5 15. Qa2 Rac8 16. h3 Bxf3 17. Bxf3 Nc4 18. Rc2 Nd5 19. Bc1 Rfe8 20. Re1 Qa5 21. Qb3 Rc7 22. Bxd5 Qxd5 23. Bf4 Rcc8 24. Bg3 b6 25. Qa4 Qa5 26. Qxa5 Nxa5 27. Bf4 Red8 28. Be3 Rc4 29. Kf1 Rdc8 30. Rec1 Nb3 0-1

[Event "Samara Region-ch FL"]
[Site "Samara"]
[Date "2006.12.??"]
[Round "3"]
[White "Vanifatov, Yury"]
[Black "Fomichev, Sergey"]
[Result "1-0"]
[WhiteElo "2024"]
[BlackElo "2095"]
[PlyCount "54"]
[EventDate "2006.12.07"]
[EventType "swiss"]
[EventRounds "9"]
[EventCountry "RUS"]
[SourceTitle "EXT 2019"]
[Source "ChessBase"]
[SourceDate "2018.10.10"]
[SourceVersion "1"]
[SourceVersionDate "2018.10.10"]
[SourceQuality "1"]

1. d4 Nf6 2. c4 e5 3. dxe5 Ng4 4. Bf4 Nc6 5. Nf3 Bb4+ 6. Nc3 Bxc3+ 7. bxc3 Qe7 8. Qd5 Qa3 9. Rc1 Ne7 10. Qd2 Qc5 11. e3 g5 12. Bxg5 Nxe5 13. Nxe5 Qxe5 14. Bf4 Qa5 15. Qd4 Rg8 16. Bd3 f5 17. 0-0 d6 18. e4 b6 19. exf5 Bxf5 20. Rfe1 Kd7 21. Re5 Bh3 22. Rxa5 bxa5 23. Bg3 Bf5 24. Bxf5+ Nxf5 25. Qd5 Nxg3 26. hxg3 Rab8 27. c5 Rg6 1-0

[Event "Samara Region-ch FL"]
[Site "Samara"]
[Date "2006.12.??"]
[Round "9"]
[White "Vanifatov, Yury"]
[Black "Galkin, Roman"]
[Result "1-0"]
[WhiteElo "2024"]
[BlackElo "1910"]
[PlyCount "51"]
[EventDate "2006.12.07"]
[EventType "swiss"]
[EventRounds "9"]
[EventCountry "RUS"]
[SourceTitle "EXT 2019"]
[Source "ChessBase"]
[SourceDate "2018.10.10"]
[SourceVersion "1"]
[SourceVersionDate "2018.10.10"]
[SourceQuality "1"]

1. d4 Nf6 2. c4 g6 3. Nc3 d5 4. cxd5 Nxd5 5. e4 Nxc3 6. bxc3 Bg7 7. Nf3 0-0 8. Ba3 b6 9. Bc4 Bb7 10. 0-0 Nd7 11. e5 c5 12. e6 Bxf3 13. exf7+ Kh8 14. Qxf3 Qc7 15. Rac1 e5 16. Rfd1 Rad8 17. Be6 Nf6 18. dxc5 bxc5 19. Qe3 Qe7 20. Qxe5 Nd5 21. Qe1 Nf4 22. Bc4 Qg5 23. Qe4 Bxc3 24. Rxd8 Nh3+ 25. Kf1 Qxd8 26. Rxc3 1-0

[Event "Samara Region-ch FL"]
[Site "Samara"]
[Date "2006.12.??"]
[Round "7"]
[White "Vanifatov, Yury"]
[Black "Sevastianov, Viktor"]
[Result "1/2-1/2"]
[WhiteElo "2024"]
[BlackElo "1934"]
[PlyCount "73"]
[EventDate "2006.12.07"]
[EventType "swiss"]
[EventRounds "9"]
[EventCountry "RUS"]
[SourceTitle "EXT 2019"]
[Source "ChessBase"]
[SourceDate "2018.10.10"]
[SourceVersion "1"]
[SourceVersionDate "2018.10.10"]
[SourceQuality "1"]

1. d4 Nf6 2. c4 e6 3. Nf3 b6 4. g3 Bb7 5. Bg2 Be7 6. 0-0 0-0 7. d5 exd5 8. Nh4 c6 9. cxd5 cxd5 10. Nc3 Na6 11. Nf5 Bc5 12. Bf4 Nc7 13. Rc1 Ne6 14. Bd6 Bxd6 15. Nxd6 Bc6 16. Nxd5 Ne8 17. Nf5 Bxd5 18. Bxd5 Rb8 19. Qa4 a5 20. Rfd1 Nc5 21. Qg4 Qf6 22. b3 g6 23. Ne3 Nc7 24. Bg2 Rfe8 25. Nd5 Nxd5 26. Bxd5 Re7 27. e3 Rbe8 28. Rd4 h5 29. Qh3 Ne6 30. Rdc4 Kg7 31. Qg2 Qe5 32. Bf3 Nc5 33. Qf1 d5 34. Rd4 Rd7 35. Rcd1 Red8 36. Qg2 Ne6 37. R4d2 1/2-1/2

[Event "Penza op U16"]
[Site "Penza"]
[Date "2006.11.05"]
[Round "4"]
[White "Yaksin, Oleg"]
[Black "Vanifatov, Yury"]
[Result "1-0"]
[WhiteElo "2232"]
[BlackElo "2024"]
[PlyCount "89"]
[EventDate "2006.11.01"]
[EventType "swiss"]
[EventRounds "7"]
[EventCountry "RUS"]
[SourceTitle "EXT 2007"]
[Source "ChessBase"]
[SourceDate "2006.11.23"]
[SourceVersion "1"]
[SourceVersionDate "2006.11.23"]
[SourceQuality "1"]

1. e4 c5 2. Nf3 d6 3. d4 cxd4 4. Nxd4 Nf6 5. Nc3 Nc6 6. Bc4 Qb6 7. Nxc6 bxc6 8. 0-0 e6 9. Kh1 Be7 10. Bd3 0-0 11. Qe2 Nd7 12. f4 Bf6 13. g4 Bb7 14. Bd2 d5 15. e5 Bd8 16. Na4 Qc7 17. Ba6 c5 18. Bxb7 Qxb7 19. Qg2 Qb5 20. b3 Ba5 21. Bxa5 Qxa5 22. Rae1 Qc7 23. Nc3 a6 24. Qg3 Rfe8 25. Qf3 Nb6 26. a4 Rac8 27. Ne2 Nd7 28. Ng3 Qb8 29. c4 Qb7 30. Rd1 Rb8 31. cxd5 Red8 32. dxe6 fxe6 33. Qxb7 Rxb7 34. Rf3 Kf7 35. Rfd3 Ke7 36. Ne4 Rbb8 37. Rd6 a5 38. R1d3 Rbc8 39. Kg2 h6 40. h4 c4 41. bxc4 Rxc4 42. Kf3 Rxa4 43. Rxd7+ Rxd7 44. Rxd7+ Kxd7 45. Nc5+ 1-0